[Event "World School-ch U15 Girls"]
[Site "Sochi"]
[Date "2016.12.10"]
[Round "8"]
[White "Gamage, Nethmi Nirasha"]
[Black "Liyanage, BKD"]
[Result "1-0"]
[WhiteElo "1539"]
[BlackElo "1346"]
[PlyCount "55"]
[EventDate "2016.12.03"]
[EventType "swiss"]
[EventRounds "9"]
[EventCountry "RUS"]
[SourceTitle "EXT 2018"]
[Source "ChessBase"]
[SourceDate "2017.10.13"]
[SourceVersion "1"]
[SourceVersionDate "2017.10.13"]
[SourceQuality "1"]

1. d4 Nf6 2. c4 g6 3. Nc3 Bg7 4. e4 d6 5. Nf3 0-0 6. Be2 Nc6 7. d5 Ne5 8. Nxe5 dxe5 9. 0-0 Ne8 10. Be3 b6 11. Qc2 e6 12. Rfd1 Qe7 13. Rab1 f5 14. f3 f4 15. Bf2 Nf6 16. Nb5 Ne8 17. b4 Nd6 18. Nc3 exd5 19. Nxd5 Qf7 20. c5 Nb7 21. cxb6 axb6 22. Qxc7 Qe8 23. Nxb6 Ra3 24. Qc1 Rxa2 25. Bc4+ Be6 26. Bxa2 Bxa2 27. Ra1 Bf7 28. Ra7 1-0

[Event "World School-ch U15 Girls"]
[Site "Sochi"]
[Date "2016.12.09"]
[Round "7"]
[White "Liyanage, BKD"]
[Black "Solovieva, Mariya"]
[Result "1-0"]
[WhiteElo "1346"]
[BlackElo "1502"]
[PlyCount "73"]
[EventDate "2016.12.03"]
[EventType "swiss"]
[EventRounds "9"]
[EventCountry "RUS"]
[SourceTitle "EXT 2018"]
[Source "ChessBase"]
[SourceDate "2017.10.13"]
[SourceVersion "1"]
[SourceVersionDate "2017.10.13"]
[SourceQuality "1"]

1. d4 Nf6 2. c4 g6 3. Nc3 Bg7 4. e4 d6 5. f4 e6 6. Nf3 Nc6 7. Be2 Bd7 8. 0-0 h5 9. e5 Ng4 10. h3 Nh6 11. d5 Ne7 12. Ne4 Nef5 13. Re1 dxe5 14. fxe5 exd5 15. cxd5 c6 16. d6 Qb6+ 17. Kh1 Ng4 18. Bf4 Nge3 19. Bxe3 Nxe3 20. Qd2 Nd5 21. Bc4 Be6 22. Bxd5 Bxd5 23. Nf6+ Bxf6 24. exf6+ Kd8 25. Qe2 Kc8 26. Qe7 Qd8 27. Ne5 Re8 28. d7+ Kc7 29. dxe8Q+ Qxe7 30. Qxe7+ Kb6 31. a4 Be6 32. b4 a6 33. Qc5+ Kc7 34. Nxf7 Re8 35. Qd6+ Kb6 36. a5+ Ka7 37. Rxe6 1-0

[Event "World School-ch U15 Girls"]
[Site "Sochi"]
[Date "2016.12.08"]
[Round "6"]
[White "Liyanage, BKD"]
[Black "Kargaci, Humeyra"]
[Result "1-0"]
[WhiteElo "1346"]
[BlackElo "1787"]
[PlyCount "65"]
[EventDate "2016.12.03"]
[EventType "swiss"]
[EventRounds "9"]
[EventCountry "RUS"]
[SourceTitle "EXT 2018"]
[Source "ChessBase"]
[SourceDate "2017.10.13"]
[SourceVersion "1"]
[SourceVersionDate "2017.10.13"]
[SourceQuality "1"]

1. d4 Nf6 2. c4 g6 3. Nc3 d5 4. cxd5 Nxd5 5. e4 Nxc3 6. bxc3 Bg7 7. Be3 0-0 8. Qd2 c5 9. Rc1 Qa5 10. Nf3 b6 11. d5 Nd7 12. Bh6 Rd8 13. h4 Bh8 14. h5 Nf6 15. hxg6 hxg6 16. Bd3 Bb7 17. Bg5 Rac8 18. Ke2 Bg7 19. Rh4 e6 20. Rch1 exd5 21. Qf4 Nh5 22. Rxh5 gxh5 23. Bxd8 Qxa2+ 24. Nd2 dxe4 25. Bc4 Qxc4+ 26. Nxc4 Ba6 27. Bf6 Bxc4+ 28. Ke3 Rc6 29. Bxg7 Kxg7 30. Rxh5 Bd3 31. Qe5+ Rf6 32. Rg5+ Kf8 33. Qxf6 1-0

[Event "World School-ch U15 Girls"]
[Site "Sochi"]
[Date "2016.12.05"]
[Round "3"]
[White "Liyanage, BKD"]
[Black "Teryaeva, Valeria"]
[Result "0-1"]
[WhiteElo "1346"]
[BlackElo "1717"]
[PlyCount "166"]
[EventDate "2016.12.03"]
[EventType "swiss"]
[EventRounds "9"]
[EventCountry "RUS"]
[SourceTitle "EXT 2018"]
[Source "ChessBase"]
[SourceDate "2017.10.13"]
[SourceVersion "1"]
[SourceVersionDate "2017.10.13"]
[SourceQuality "1"]

1. d4 f5 2. c4 Nf6 3. Nc3 g6 4. Nf3 Bg7 5. e3 0-0 6. Be2 d6 7. 0-0 c6 8. Bd2 Qc7 9. Re1 e5 10. Rc1 h6 11. h3 g5 12. Nh2 Qf7 13. d5 Na6 14. a3 Nc7 15. dxc6 bxc6 16. b4 g4 17. hxg4 fxg4 18. Rf1 h5 19. e4 Ne6 20. Be3 Rd8 21. Qd2 Bb7 22. Bd3 d5 23. exd5 cxd5 24. cxd5 Nxd5 25. Nxd5 Rxd5 26. Qc2 Rc8 27. Qb1 Nf4 28. Rxc8+ Bxc8 29. Bc4 Bb7 30. Bxf4 Qxf4 31. Bxd5+ Bxd5 32. Qc1 Qe4 33. f3 Qd4+ 34. Kh1 g3 35. Rd1 Qh4 36. Qc8+ Bf8 37. Qh3 Qxh3 38. gxh3 Bc6 39. Rc1 Bd5 40. Nf1 Bxf3+ 41. Kg1 h4 42. Rc3 Bd5 43. Ne3 Be6 44. Kg2 Bh6 45. Ng4 Bg7 46. Rc7 Bd5+ 47. Kg1 e4 48. Kf1 Bd4 49. Nh6+ Kh8 50. Nf5 Bb6 51. Rc8+ Kh7 52. Nxh4 Be6 53. Rc2 Bxh3+ 54. Ke1 Kh6 55. Ng2 Kg5 56. Kf1 Kg4 57. Rc6 e3 58. Rc4+ Kf5 59. Rc2 Ke4 60. Ke1 Kd3 61. Kd1 e2+ 62. Rxe2 Bg4 63. Ke1 Bxe2 64. Nf4+ Kc4 65. Kxe2 Kb3 66. Kf3 Bf2 67. b5 Ka4 68. b6 Bxb6 69. Nd5 Bf2 70. Nc3+ Kb3 71. Nb5 a5 72. Nd6 Kxa3 73. Nc4+ Kb4 74. Nxa5 Kxa5 75. Kg2 Kb5 76. Kf3 Kc5 77. Kg2 Kd5 78. Kf3 Ke5 79. Kg2 Kf4 80. Kf1 Kg4 81. Kg2 Be1 82. Kf1 Kh3 83. Kg1 Bf2+ 0-1

[Event "Ambalangoda Dhamso op 6th"]
[Site "Ambalangoda"]
[Date "2016.04.30"]
[Round "3"]
[White "Fernando, JM Marlon P"]
[Black "Liyanage, BKD"]
[Result "1-0"]
[WhiteElo "1840"]
[BlackElo "1385"]
[PlyCount "107"]
[EventDate "2016.04.29"]
[EventType "swiss"]
[EventRounds "9"]
[EventCountry "SRI"]
[SourceTitle "EXT 2017"]
[Source "ChessBase"]
[SourceDate "2016.10.25"]
[SourceVersion "1"]
[SourceVersionDate "2016.10.25"]
[SourceQuality "1"]

1. d4 Nf6 2. Bg5 g6 3. Bxf6 exf6 4. e4 Bg7 5. Nf3 0-0 6. Be2 Nc6 7. 0-0 d6 8. Bd3 Bg4 9. c3 Kh8 10. h3 Bd7 11. Nbd2 Rg8 12. Nc4 g5 13. Ne3 Ne7 14. e5 dxe5 15. dxe5 Ng6 16. Bc4 Rf8 17. exf6 Bxf6 18. Qb3 Bc6 19. Rad1 Qc8 20. Bd5 Rb8 21. Ng4 Bxd5 22. Qxd5 Nf4 23. Qd7 Bg7 24. Nxg5 Kg8 25. Rfe1 Qxd7 26. Rxd7 c6 27. g3 Ng6 28. h4 h6 29. Nf3 f5 30. Nge5 Nxe5 31. Nxe5 Rbe8 32. f4 Bxe5 33. fxe5 f4 34. g4 f3 35. Kf2 b5 36. b4 Rf4 37. Rd4 Rf7 38. e6 Rfe7 39. Rde4 Kg7 40. Kxf3 Kf6 41. Kf4 Rxe6 42. Rxe6+ Rxe6 43. Rxe6+ Kxe6 44. g5 h5 45. Ke4 a6 46. a3 Kf7 47. Kf5 Kg7 48. g6 Kg8 49. Kf6 Kh8 50. Kf7 c5 51. bxc5 a5 52. c6 b4 53. c7 b3 54. c8Q# 1-0